| 000 | 00642nam a22002417a 4500 | ||
|---|---|---|---|
| 999 |
_c762 _d762 |
||
| 003 | AR-CdUCM | ||
| 008 | 190225b ||||| |||| 00| 0 spa d | ||
| 020 | _a9506141061 | ||
| 040 |
_aMUNICIPALIDAD PROVINCIAL DEL CUSCO _cBIBLIOTECA MUNICIPAL DEL CUSCO |
||
| 041 | _hpol | ||
| 082 |
_a890.45 / _bSI572 |
||
| 100 |
_aSienkiewicz, Henryk _9563 |
||
| 245 | _aQuo Vadis? / | ||
| 260 |
_aArgenntina : _bOrbis, _c1983. |
||
| 300 |
_a461 paginas ; _c20 cm. |
||
| 505 | _aNovela. | ||
| 650 |
_aNerón _92923 |
||
| 650 |
_aMuerte _92924 |
||
| 650 |
_aRoma _92474 |
||
| 650 |
_aCalígula _92925 |
||
| 942 |
_2ddc _cLIBROS |
||
| 945 |
_awnts _d2019-02-25 |
||